| 000 | 01846nam a2200481 i 4500 | ||
|---|---|---|---|
| 001 | 14614 | ||
| 003 | KOSZ 005 | ||
| 005 | 20191116075429.0 | ||
| 008 | 191116s1972 pl a f 001 0 pol | ||
| 015 | _aPB 1972/6748 | ||
| 035 | _a991038578019705066 | ||
| 035 | _a(PL-WaBN)b20328102-48omnis_nlop | ||
| 035 | _ab20328102 | ||
| 035 | _a(OCoLC)831205069 | ||
| 035 | _a(PL)b0000002032810 | ||
| 035 | _a(EXLNZ-48OMNIS_NETWORK)9910102826505606 | ||
| 040 |
_aWA N _cWA N _dKOSZ 005/RW |
||
| 046 | _k1972 | ||
| 080 | _a389.1 | ||
| 080 | _a531.7 | ||
| 100 | 1 |
_aChmielewski, Heliodor _d(1911-1981) _eAutor |
|
| 245 | 1 | 0 |
_aZastosowanie układu SI w technice / _cHeliodor Chmielewski. |
| 260 |
_aWarszawa : _bWydawnictwo Ministerstwa Obrony Narodowej, _c1972. |
||
| 300 |
_a228, [4] stron : _bilustracje, errata ; _c22 cm. |
||
| 336 |
_aTekst _btxt _2rdacontent |
||
| 337 |
_aBez urządzenia pośredniczącego _bn _2rdamedia |
||
| 338 |
_aWolumin _bnc _2rdacarrier |
||
| 380 | _aKsiążki | ||
| 380 | _aPublikacje dydaktyczne | ||
| 388 | _a1901-2000 | ||
| 504 | _aBibliografia na stronach 225-227. Indeks. | ||
| 521 | 8 | _aKsiążka przeznaczona jest dla praktyków : fizyków, chemików, inżynierów i techników wszelkich specjalności, dla nauczycieli, uczniów i studentów oraz innych osób stykających się z problemami Międzynarodowego Układu Jednostek Miar - SI. | |
| 650 | 7 |
_aJednostki miar _2DBN |
|
| 650 | 7 | _aZastosowanie i wykorzystanie | |
| 650 | 7 | _aTechnika | |
| 658 | _aChemia | ||
| 658 | _aFizyka i astronomia | ||
| 658 | _aInżynieria i technika | ||
| 710 | 2 |
_aWydawnictwo Ministerstwa Obrony Narodowej _4pbl |
|
| 856 |
_uhttp://koha.tu.koszalin.pl/cgi-bin/koha/opac-detail.pl?biblionumber=14614 _yKatalog online BPK |
||
| 942 |
_2UKD _cKS |
||
| 999 |
_c14614 _d14614 |
||